Экономические основы социальной работы: учебное пособие

Dades bibliogràfiques
Autor principal: Косьмин А. Д. Анатолий Данилович
Altres autors: Понятовская А. Г. Анжелика Геннадьевна
Sumari:Учебное пособие предназначено для студентов отделения социальной работы и призвано дать знания по экономическим основам социальной работы. В нём раскрываются источники и способы финансирования социальной деятельности, механизм планирования, функционирования и контроля учреждений социальной работы. Наряду с приобретением теоретических знаний курс даёт возможность освоить практические навыки, в частности, по ведению бухгалтерского учёта в учреждениях социальной работы. Поставленная цель реализована в двух задачах. Первая — изложить общую экономическую систему функционирования социальной службы как хозяйствующего объекта — определиться с пониманием ресурсов, затрат и результатов деятельности. Вторая — выявить особенности социальных служб разных форм собственности (государственных, муниципальных, частных), а также направлений деятельности: социальных стационаров, муниципальных центров, пенсионных фондов, служб занятости и т.д.Курс должен помочь студентам — будущим руководителям социальных служб — понять механизм управления предприятием как хозяйствующим субъектом.
Idioma:rus
Publicat: Старый Оскол, ТНТ, 2010
Matèries:
Format: MixedMaterials Llibre
KOHA link:https://koha.lib.tpu.ru/cgi-bin/koha/opac-detail.pl?biblionumber=179827

MARC

LEADER 00000nam0a2200000 4500
001 179827
005 20231101223513.0
010 |a 9785941782314 
035 |a (RuTPU)RU\TPU\book\194934 
090 |a 179827 
100 |a 20100429d2010 m y0rusy50 ca 
101 0 |a rus 
102 |a RU 
105 |a y j 001zy 
200 1 |a Экономические основы социальной работы  |e учебное пособие  |f А. Д. Косьмин, А. Г. Понятовская 
210 |a Старый Оскол  |c ТНТ  |d 2010 
215 |a 408 с. 
320 |a Глоссарий: с. 393-398. 
320 |a Библиография: с. 401-404. 
330 |a Учебное пособие предназначено для студентов отделения социальной работы и призвано дать знания по экономическим основам социальной работы. В нём раскрываются источники и способы финансирования социальной деятельности, механизм планирования, функционирования и контроля учреждений социальной работы. Наряду с приобретением теоретических знаний курс даёт возможность освоить практические навыки, в частности, по ведению бухгалтерского учёта в учреждениях социальной работы. Поставленная цель реализована в двух задачах. Первая — изложить общую экономическую систему функционирования социальной службы как хозяйствующего объекта — определиться с пониманием ресурсов, затрат и результатов деятельности. Вторая — выявить особенности социальных служб разных форм собственности (государственных, муниципальных, частных), а также направлений деятельности: социальных стационаров, муниципальных центров, пенсионных фондов, служб занятости и т.д.Курс должен помочь студентам — будущим руководителям социальных служб — понять механизм управления предприятием как хозяйствующим субъектом. 
606 1 |a Социальная работа  |x Практика  |2 stltpush  |3 (RuTPU)RU\TPU\subj\36957  |9 58148 
610 1 |a экономические основы 
610 1 |a общество 
610 1 |a социальная сфера 
610 1 |a Россия 
610 1 |a экономика 
610 1 |a управление 
610 1 |a структура 
610 1 |a население 
610 1 |a материальное благососотояние 
610 1 |a гендерные различия 
610 1 |a женская занятость 
610 1 |a социальное страхование 
610 1 |a негосударственные пенсионные фонды 
610 1 |a международное сотрудничество 
610 1 |a учебные пособия 
686 |a У9(2)272я73  |v LBC/SL-A  |2 rubbk 
700 1 |a Косьмин  |b А. Д.  |g Анатолий Данилович 
701 1 |a Понятовская  |b А. Г.  |g Анжелика Геннадьевна 
801 1 |a RU  |b 63413507  |c 20100429 
801 2 |a RU  |b 63413507  |c 20150526  |g RCR 
942 |c BK 
959 |a 28/20100429  |d 1  |e 0  |f ЧЗГЛ:1